000
00306nam a22001457a 4500
003
SGT
020
_a
978-1-4129-3748-1
082
_a
306.8501
_b
F08W
100
_a
WHITE, JAMES M.
245
_a
FAMILY THEORIES
250
_a
3RD
260
_a
LOS ANGELES
_b
SAGE
_c
2008
300
_a
333
942
_2
ddc
_c
BK
999
_c
18088
_d
18088